[Event "Landsturneringen 2015"]
[Site "Oppsal arena, Oslo"]
[Date "2015.07.06"]
[Round "3"]
[White "Haug, Johannes"]
[Black "Haldorsen, Benjamin"]
[Result "0-1"]
[WhiteElo "2179"]
[BlackElo "2194"]
[PlyCount "180"]
[EventDate "2015.??.??"]

1. e4 e5 2. Nf3 Nc6 3. Bb5 a6 4. Ba4 Nf6 5. O-O Be7 6. Re1 b5 7. Bb3 d6 8. c3
O-O 9. h3 Na5 10. Bc2 c5 11. d4 Qc7 12. a4 Bd7 13. Bg5 cxd4 14. cxd4 h6 15.
Bxf6 Bxf6 16. Nc3 Bc6 17. axb5 axb5 18. dxe5 dxe5 19. b4 Nc4 20. Rxa8 Rxa8 21.
Nd5 Qd6 22. Nxf6+ Qxf6 23. Bd3 Qe7 24. Qc2 Qxb4 25. Rc1 Ra4 26. Nd2 Qxd2 27.
Qxd2 Nxd2 28. Rxc6 b4 29. Rb6 b3 30. f3 Ra2 31. Rb8+ Kh7 32. Kf2 Nc4+ 33. Kg1
Ne3 34. g4 Rg2+ 35. Kh1 b2 36. Bb1 Rf2 37. Ba2 f6 38. h4 Kg6 39. Rb7 Rxf3 40.
Bf7+ Kh7 41. Rxb2 Rh3+ 42. Rh2 Rxh2+ 43. Kxh2 Nxg4+ 44. Kg3 Ne3 45. h5 Nc2 46.
Kf3 Nd4+ 47. Kg4 Nb5 48. Bg6+ Kg8 49. Kf5 Nd4+ 50. Kg4 Kf8 51. Bh7 Ke7 52. Bg6
Ne2 53. Bh7 Nf4 54. Bf5 Kf7 55. Bc8 g6 56. hxg6+ Kxg6 57. Bf5+ Kg7 58. Kh4 h5
59. Bd7 Kg6 60. Bb5 Ng2+ 61. Kg3 Ne1 62. Kh4 Kh6 63. Bf1 Nf3+ 64. Kg3 Nd2 65.
Bd3 Kg5 66. Bc2 h4+ 67. Kh3 Nf3 68. Ba4 Nd4 69. Be8 Nb3 70. Bc6 Nc5 71. Bd5 Nd3
72. Bb7 Nf4+ 73. Kh2 Kg4 74. Bc6 Kf3 75. Bb7 Nd3 76. Kh3 Nc5 77. Bc6 Nxe4 78.
Kxh4 Kf4 79. Kh3 Ng5+ 80. Kg2 Ne6 81. Kf2 Nd4 82. Bd5 e4 83. Bb7 e3+ 84. Ke1
Kg3 85. Bd5 f5 86. Ba8 f4 87. Bb7 f3 88. Ba6 Kg2 89. Bf1+ Kg1 90. Be2 f2+ 
0-1

[Event "Landsturneringen 2015"]
[Site "Oppsal arena, Oslo"]
[Date "2015.07.06"]
[Round "3"]
[White "Dahl, Trygve"]
[Black "Tryggestad, Andreas G"]
[Result "1/2-1/2"]
[WhiteElo "1968"]
[BlackElo "2139"]
[PlyCount "79"]
[EventDate "2015.??.??"]

1. e4 c5 2. Nf3 e6 3. d4 cxd4 4. Nxd4 a6 5. Nc3 Qc7 6. g3 Bb4 7. Nde2 Nf6 8.
Bg2 O-O 9. O-O Nc6 10. Bf4 Qa5 11. a3 Be7 12. h3 d6 13. g4 Qc7 14. Be3 Nd7 15.
f4 b5 16. f5 Nde5 17. b3 h6 18. Qd2 Bb7 19. Nf4 Nd8 20. Nce2 Rc8 21. c3 Bg5 22.
Rac1 Qe7 23. Ng3 Ndc6 24. Ngh5 Na5 25. Rb1 Nac4 26. bxc4 Nxc4 27. Qe2 Nxe3 28.
Qxe3 e5 29. f6 gxf6 30. h4 Bxf4 31. Rxf4 exf4 32. Qxf4 f5 33. Qxh6 f6 34. g5
fxg5 35. hxg5 Qh7 36. Nf6+ Rxf6 37. Qxf6 Rf8 38. Qe6+ Qf7 39. exf5 Bxg2 40.
Kxg2
1/2-1/2

[Event "Landsturneringen 2015"]
[Site "Oppsal arena, Oslo"]
[Date "2015.07.06"]
[Round "3"]
[White "Risting, Eivind Olav"]
[Black "Løbersli, Henrik Øie"]
[Result "1-0"]
[WhiteElo "2087"]
[BlackElo "2007"]
[PlyCount "61"]
[EventDate "2015.??.??"]

1. d4 d5 2. c4 e6 3. Nc3 Nf6 4. cxd5 exd5 5. Bg5 Nbd7 6. e3 c6 7. Bd3 Be7 8.
Qc2 Nh5 9. Bxe7 Qxe7 10. Nge2 Nb6 11. O-O g6 12. Rab1 O-O 13. b4 Nc4 14. Bxc4
dxc4 15. a4 Nf6 16. e4 b6 17. f3 Ne8 18. Qa2 Nd6 19. Rbe1 Bb7 20. Ng3 a5 21.
bxa5 Rxa5 22. f4 Rd8 23. Qd2 Ne8 24. e5 Qd7 25. Rd1 Raa8 26. f5 Qe7 27. Qf4 Rd7
28. Nge4 Rad8 29. Ng5 Qf8 30. fxg6 hxg6 31. e6
1-0

[Event "Landsturneringen 2015"]
[Site "Oppsal arena, Oslo"]
[Date "2015.07.06"]
[Round "3"]
[White "Grønn, Eskil Ekeland"]
[Black "Ranaldi, Lucas"]
[Result "0-1"]
[WhiteElo "1924"]
[BlackElo "2028"]
[PlyCount "114"]
[EventDate "2015.??.??"]

1. Nf3 Nf6 2. c4 g6 3. g3 Bg7 4. Bg2 O-O 5. O-O d6 6. Nc3 c6 7. d3 e5 8. Rb1
Nbd7 9. b4 Qc7 10. Qb3 Nh5 11. Ne1 f5 12. Bg5 Kh8 13. Bf3 Nhf6 14. e3 Ng8 15.
e4 f4 16. Kg2 h6 17. h4 Bf6 18. Bxf6+ Rxf6 19. Bg4 fxg3 20. fxg3 Rxf1 21. Kxf1
Ngf6 22. Bf3 Nf8 23. Rb2 Ne6 24. Ne2 b6 25. Qc3 c5 26. Qd2 Kg7 27. Kg2 Qe7 28.
Nc2 Bd7 29. b5 Rf8 30. Ne3 Nd4 31. Nxd4 exd4 32. Nd5 Nxd5 33. exd5 Qf6 34. Qe2
Rf7 35. Rd2 Qf5 36. g4 Qf4 37. Rd1 Qf6 38. Kg3 Qf4+ 39. Kg2 Qf6 40. Kg3 Re7 41.
Be4 Qe5+ 42. Kg2 Qf4 43. Rf1 Qxg4+ 44. Qxg4 Bxg4 45. a4 a5 46. bxa6 Ra7 47. Rb1
Rxa6 48. a5 bxa5 49. Rb7+ Kf6 50. Rh7 a4 51. Rxh6 Bh5 52. Bxg6 Bxg6 53. h5 a3
54. Rxg6+ Kf7 55. Rg3 a2 56. Rf3+ Kg7 57. h6+ Kxh6
0-1

[Event "Landsturneringen 2015"]
[Site "Oppsal arena, Oslo"]
[Date "2015.07.06"]
[Round "3"]
[White "Nilsen, Martin"]
[Black "Eide, Adrian"]
[Result "1-0"]
[WhiteElo "2021"]
[BlackElo "1356"]
[PlyCount "61"]
[EventDate "2015.??.??"]

1. e3 d5 2. f4 Nf6 3. Nf3 e6 4. b3 Be7 5. Bb2 O-O 6. Bd3 b6 7. Qe2 Bb7 8. g4
Ne4 9. g5 Nc5 10. Bxh7+ Kxh7 11. Ne5 d4 12. Qh5+ Kg8 13. Bxd4 Bxh1 14. d3 Qd5
15. Nc3 Qg2 16. O-O-O Nc6 17. Nxf7 Nxd4 18. exd4 Nxd3+ 19. Rxd3 Ba3+ 20. Kb1
Qf1+ 21. Rd1 Qxd1+ 22. Qxd1 Rxf7 23. Qxh1 Raf8 24. Ne2 c5 25. Qe4 cxd4 26. Qxe6
Kh8 27. g6 Rf5 28. Ng3 R8f6 29. Qxf5 Rxf5 30. Nxf5 Bc5 31. Kc1
1-0

[Event "Landsturneringen 2015"]
[Site "Oppsal arena, Oslo"]
[Date "2015.07.06"]
[Round "3"]
[White "Kaasen, Tor Fredrik"]
[Black "Machlik, Jon"]
[Result "1-0"]
[WhiteElo "2010"]
[BlackElo "1929"]
[PlyCount "113"]
[EventDate "2015.??.??"]

1. d4 f5 2. c4 g6 3. Nf3 Nf6 4. g3 Bg7 5. Bg2 O-O 6. Nc3 d6 7. O-O c6 8. Rb1
Qc7 9. b4 h6 10. Qb3 Kh7 11. a4 e5 12. c5 e4 13. cxd6 Qxd6 14. Bf4 Qd8 15. Ne5
Qxd4 16. Rfd1 Qb6 17. Nc4 Qa6 18. Bd6 b5 19. Ne5 bxa4 20. Nxa4 Rd8 21. Nc5 Qxe2
22. Qf7 Qh5 23. Qc7 Re8 24. Nxc6 e3 25. Be5 exf2+ 26. Kh1 Nbd7 27. Nxd7 Bxd7
28. Bxf6 Qxd1+ 29. Rxd1 Re1+ 30. Bf1 Rxd1 31. Kg2 Rc8 32. Qe5 Bxc6+ 33. Kxf2
Rd2+ 34. Kg1 Bxf6 35. Qxf6 Rc7 36. Bc4 Bd5 37. Bf1 Rd1 38. Kf2 Bf7 39. Be2 Rb1
40. b5 Rd7 41. Qc6 Re7 42. Qf6 Rc7 43. h4 Rbc1 44. h5 R1c2 45. Ke3 R2c3+ 46.
Bd3 Rb3 47. Ke2 Ra3 48. g4 gxh5 49. Bxf5+ Kg8 50. Qd8+ Kg7 51. Qxc7 Ra2+ 52.
Kd3 Kf6 53. Qd6+ Kg7 54. Qe5+ Kf8 55. Qf6 Ra3+ 56. Kc2 Ke8 57. Qc6+
1-0

[Event "Landsturneringen 2015"]
[Site "Oppsal arena, Oslo"]
[Date "2015.07.06"]
[Round "3"]
[White "Machlik, Endre"]
[Black "Kyrkjebø, Hanna B"]
[Result "1-0"]
[WhiteElo "2007"]
[BlackElo "1711"]
[PlyCount "111"]
[EventDate "2015.??.??"]

1. d4 d5 2. c4 c6 3. Nc3 Nf6 4. Nf3 g6 5. e3 Bg7 6. Be2 O-O 7. O-O a6 8. b3 Bg4
9. Bb2 Nbd7 10. Ne5 Bxe2 11. Qxe2 e6 12. f4 Qe7 13. Rf3 Rfe8 14. Rh3 a5 15. g4
Nb6 16. Rf1 Qd8 17. Rf2 Nc8 18. g5 Nd7 19. Nxd7 Qxd7 20. Qg4 f5 21. gxf6 Bxf6
22. Na4 Qe7 23. cxd5 cxd5 24. Rhf3 Bg7 25. h4 Qf7 26. Ba3 Ne7 27. Bxe7 Rxe7 28.
Rc2 Ree8 29. Rf1 Rac8 30. Rfc1 Rxc2 31. Rxc2 Bf8 32. h5 Bd6 33. hxg6 hxg6 34.
Qh4 Qh7 35. Qxh7+ Kxh7 36. Kg2 Kg7 37. Kf3 Kf6 38. Kg4 Rh8 39. Nb6 Rd8 40. Rh2
Kg7 41. Rc2 Kf6 42. Na4 Rh8 43. Nb2 Ra8 44. a4 Rb8 45. Nd3 Re8 46. Ne5 Rh8 47.
Nf3 Kf7 48. Ng5+ Kf6 49. Re2 Rc8 50. Rh2 Rc7 51. e4 Bb4 52. e5+ Ke7 53. Rh7+
Kd8 54. Nxe6+ Kc8 55. Rxc7+ Kb8 56. Rg7
1-0

[Event "Landsturneringen 2015"]
[Site "Oppsal arena, Oslo"]
[Date "2015.07.06"]
[Round "3"]
[White "Unhjem, Bjørn Robert Løvoll"]
[Black "Nordquelle, Daniel"]
[Result "0-1"]
[WhiteElo "1361"]
[BlackElo "1870"]
[PlyCount "72"]
[EventDate "2015.??.??"]

1. e4 e6 2. Nc3 d5 3. d4 Bb4 4. exd5 exd5 5. Nf3 Nc6 6. Be2 Be6 7. O-O Qd7 8.
Bb5 f6 9. Bf4 O-O-O 10. a3 Be7 11. Qd3 g5 12. Bg3 Kb8 13. Bxc6 Qxc6 14. Nb5 Rc8
15. b3 h5 16. h4 a6 17. Nc3 Nh6 18. Rfc1 gxh4 19. Nxh4 Rhg8 20. Ne2 Bd6 21. c4
Bxg3 22. fxg3 Qd6 23. c5 Qc6 24. a4 a5 25. Qb5 Nf5 26. Nxf5 Bxf5 27. Rc3 Be4
28. Nf4 h4 29. Qxc6 bxc6 30. gxh4 Rg4 31. g3 Rcg8 32. Kf2 Ka7 33. Ra2 Rxf4+ 34.
gxf4 Rg2+ 35. Kf1 Rxa2 36. Re3 Rh2
0-1

[Event "Landsturneringen 2015"]
[Site "Oppsal arena, Oslo"]
[Date "2015.07.06"]
[Round "3"]
[White "Skagen, Bjørn"]
[Black "Sajjadi, Kimiya"]
[Result "0-1"]
[WhiteElo "1846"]
[BlackElo "1730"]
[PlyCount "46"]
[EventDate "2015.??.??"]

1. d4 d5 2. c4 dxc4 3. e3 Be6 4. Nf3 c6 5. Ng5 Qa5+ 6. Nc3 Qxg5 7. e4 Qg6 8. d5
cxd5 9. exd5 Bf5 10. Qa4+ Nd7 11. Nb5 Qb6 12. Be3 Qd8 13. Bf4 Rc8 14. Rc1 a6
15. Nd4 e6 16. g4 Bxg4 17. Rg1 Bf5 18. Nxf5 exf5 19. Rg3 Bc5 20. Rxg7 Qh4 21.
Bg3 Qf6 22. Rc2 Qxg7 23. Re2+ Kd8
0-1

[Event "Landsturneringen 2015"]
[Site "Oppsal arena, Oslo"]
[Date "2015.07.06"]
[Round "3"]
[White "Rasmussen, Jonas H"]
[Black "Rødsmoen, Maud"]
[Result "0-1"]
[WhiteElo "1778"]
[BlackElo "1826"]
[PlyCount "118"]
[EventDate "2015.??.??"]

1. d4 Nf6 2. c4 e6 3. Nc3 Bb4 4. Nf3 b6 5. Bg5 Bb7 6. e3 h6 7. Bh4 g5 8. Bg3
Ne4 9. Qc2 Bxc3+ 10. bxc3 Nxg3 11. hxg3 d6 12. Be2 Nd7 13. Rd1 Qe7 14. d5 O-O-O
15. Nd4 exd5 16. cxd5 Bxd5 17. Nf5 Qe4 18. Qxe4 Bxe4 19. Ne7+ Kb7 20. Bf3 Bxf3
21. gxf3 Rde8 22. Nf5 h5 23. Ng7 Re5 24. Nxh5 Ra5 25. Rd2 Ne5 26. Ke2 g4 27.
fxg4 Nxg4 28. f3 Nf6 29. g4 Nxh5 30. Rxh5 Raxh5 31. gxh5 Rxh5 32. Kd1 Rh3 33.
Rf2 c5 34. Kd2 Kc6 35. Kd3 b5 36. e4 a5 37. c4 b4 38. Kc2 a4 39. Kd3 Kd7 40.
Ke3 Ke6 41. Rd2 Rh1 42. Kd3 Rf1 43. Ke2 Rc1 44. Rd3 Rc3 45. Rd2 Rc1 46. Kd3
Rc3+ 47. Ke2 Rxc4 48. Rb2 Ke5 49. Rd2 Rd4 50. Rc2 Kf4 51. Rb2 f6 52. Rc2 b3 53.
Rb2 c4 54. axb3 axb3 55. Rb1 Rd3 56. Rc1 b2 57. Rb1 Re3+ 58. Kd2 Rxf3 59. Kc2
Kxe4
0-1

[Event "Landsturneringen 2015"]
[Site "Oppsal arena, Oslo"]
[Date "2015.07.06"]
[Round "4"]
[White "Risting, Eivind Olav"]
[Black "Mihajlov, Sebastian"]
[Result "0-1"]
[WhiteElo "2087"]
[BlackElo "2246"]
[PlyCount "64"]
[EventDate "2015.??.??"]

1. d4 d5 2. Bf4 Nf6 3. e3 c6 4. Bd3 Qb6 5. Qc1 e6 6. h3 c5 7. c3 Nc6 8. Nf3 Be7
9. O-O O-O 10. Ne5 Nd7 11. Nd2 f6 12. Nxd7 Bxd7 13. Nf3 Rac8 14. Qc2 h6 15. Qe2
f5 16. Rad1 Bf6 17. g4 Rce8 18. gxf5 e5 19. dxe5 Nxe5 20. Nxe5 Bxe5 21. Qf3 Bc6
22. Bxe5 Rxe5 23. Qg3 Qc7 24. Kh2 Qe7 25. Rfe1 Qf6 26. e4 dxe4 27. Bc4+ Kh8 28.
Be6 c4 29. Rd6 Rxf5 30. Bxf5 Qxf5 31. Re2 e3 32. fxe3 Qf1
0-1

[Event "Landsturneringen 2015"]
[Site "Oppsal arena, Oslo"]
[Date "2015.07.06"]
[Round "4"]
[White "Haldorsen, Benjamin"]
[Black "Nilsen, Martin"]
[Result "1/2-1/2"]
[WhiteElo "2194"]
[BlackElo "2021"]
[PlyCount "119"]
[EventDate "2015.??.??"]

1. e4 e5 2. Nf3 Nc6 3. Bb5 g6 4. O-O Bg7 5. c3 a6 6. Ba4 d6 7. d4 Bd7 8. Re1
Nf6 9. Nbd2 O-O 10. Nf1 Qe8 11. Bc2 Nh5 12. Ne3 f5 13. dxe5 dxe5 14. Nd5 Rc8
15. exf5 gxf5 16. Nf4 Rd8 17. Nxh5 Qxh5 18. Bg5 e4 19. Bxd8 Rxd8 20. Bb3+ Kf8
21. Nd4 Qxd1 22. Raxd1 Nxd4 23. cxd4 Bb5 24. Be6 Bd7 25. Bxd7 Rxd7 26. g4 Bxd4
27. gxf5 c5 28. Kf1 Re7 29. Re2 Re5 30. b4 b6 31. bxc5 bxc5 32. f4 Re7 33. Rb1
Kf7 34. Rb6 a5 35. Kg2 e3 36. Kf3 Ra7 37. a4 Rc7 38. Ra6 c4 39. Rxa5 Bc3 40.
Rd5 Bd2 41. Rdxd2 exd2 42. Rxd2 c3 43. Rc2 Kf6 44. a5 Kxf5 45. a6 h5 46. a7
Rxa7 47. Rxc3 Ra5 48. Rb3 Rc5 49. Kg3 Ra5 50. Rb4 Ra3+ 51. Kh4 Rf3 52. Rb5+ Kg6
53. Rb6+ Kf5 54. Rb5+ Kg6 55. Rg5+ Kf6 56. h3 Rxf4+ 57. Kxh5 Rf3 58. h4 Rf5 59.
Rxf5+ Kxf5 60. Kh6
1/2-1/2

[Event "Landsturneringen 2015"]
[Site "Oppsal arena, Oslo"]
[Date "2015.07.06"]
[Round "4"]
[White "Nordquelle, Daniel"]
[Black "Haug, Johannes"]
[Result "0-1"]
[WhiteElo "1870"]
[BlackElo "2179"]
[PlyCount "55"]
[EventDate "2015.??.??"]

1. e4 e6 2. d4 d5 3. Nc3 Bb4 4. e5 c5 5. Qg4 Ne7 6. dxc5 Bxc3+ 7. bxc3 Kf8 8.
Nf3 Nbc6 9. Be3 Qa5 10. Bd2 Ng6 11. Qg3 Qc7 12. h4 Ngxe5 13. Bf4 Nxf3+ 14. Qxf3
e5 15. Bd2 Be6 16. h5 h6 17. g4 f6 18. Qg3 Ke7 19. Bd3 Rab8 20. Bg6 Na5 21. O-O
Nc4 22. Be3 Nxe3 23. Qxe3 Rhc8 24. Bf5 Qxc5 25. Qe2 Qc4 26. Qf3 Qxc3 27. Qg2
Rc4 28. Rac1
0-1

[Event "Landsturneringen 2015"]
[Site "Oppsal arena, Oslo"]
[Date "2015.07.06"]
[Round "4"]
[White "Ranaldi, Lucas"]
[Black "Machlik, Endre"]
[Result "1/2-1/2"]
[WhiteElo "2028"]
[BlackElo "2007"]
[PlyCount "66"]
[EventDate "2015.??.??"]

1. d4 d5 2. Nf3 Nf6 3. c4 dxc4 4. e3 Bg4 5. Bxc4 e6 6. Nc3 Nbd7 7. h3 Bh5 8.
O-O Be7 9. Be2 O-O 10. e4 c6 11. Be3 Rc8 12. Rc1 c5 13. e5 Ne8 14. dxc5 Bxc5
15. Bxc5 Rxc5 16. g4 Bg6 17. b4 Rc8 18. Qb3 Nc7 19. Rfd1 Qe7 20. Bd3 Bxd3 21.
Rxd3 Nd5 22. Rdd1 Nxc3 23. Rxc3 Nb6 24. Rdc1 Rxc3 25. Qxc3 Nd5 26. Qc5 Qxc5 27.
Rxc5 Nxb4 28. Rb5 Nxa2 29. Rxb7 a6 30. Ra7 Nb4 31. Rb7 Nd5 32. Ra7 Nb4 33. Rb7
Nd5
1/2-1/2

[Event "Landsturneringen 2015"]
[Site "Oppsal arena, Oslo"]
[Date "2015.07.06"]
[Round "4"]
[White "Kjøita, Henning Jakhelln"]
[Black "Kaasen, Tor Fredrik"]
[Result "1-0"]
[WhiteElo "2052"]
[BlackElo "2010"]
[PlyCount "51"]
[EventDate "2015.??.??"]

1. e4 c5 2. g3 Nc6 3. Bg2 d6 4. d3 g6 5. Ne2 Bg7 6. O-O Nf6 7. c4 O-O 8. Nbc3
Nd4 9. Be3 e5 10. h3 Be6 11. a3 Qd7 12. Kh2 a6 13. Nd5 Bxd5 14. cxd5 Rfc8 15.
f4 Nh5 16. f5 gxf5 17. exf5 Nxf5 18. Rxf5 Qxf5 19. g4 Qg6 20. Be4 Qf6 21. gxh5
Kh8 22. Qd2 Rg8 23. Ng3 Qd8 24. Rf1 Qc7 25. Qf2 Raf8 26. Qf5
1-0

[Event "Landsturneringen 2015"]
[Site "Oppsal arena, Oslo"]
[Date "2015.07.06"]
[Round "4"]
[White "Machlik, Edit"]
[Black "Tryggestad, Andreas G"]
[Result "1/2-1/2"]
[WhiteElo "2014"]
[BlackElo "2139"]
[PlyCount "115"]
[EventDate "2015.??.??"]

1. d4 Nf6 2. c4 g6 3. Nc3 d5 4. cxd5 Nxd5 5. Na4 Bg7 6. e4 Nb6 7. Be3 Nc6 8.
Nf3 O-O 9. Nc5 Bg4 10. Nxb7 Qb8 11. Ba6 Bxf3 12. gxf3 Nb4 13. Nc5 Bxd4 14. Bxd4
Rd8 15. O-O Nxa6 16. Nxa6 Qc8 17. Qe2 Rxd4 18. Rac1 Qh3 19. Rfd1 Qh4 20. Rxd4
Qg5+ 21. Kh1 Qxc1+ 22. Rd1 Qf4 23. Rd3 Rc8 24. Qd2 Qf6 25. Qc3 Qh4 26. Qc2 Qf4
27. Qd2 Qxd2 28. Rxd2 c5 29. Rc2 c4 30. Kg2 Rd8 31. Nb4 e6 32. Nc6 Rd7 33. Ne5
Rc7 34. Kf1 Rc5 35. Ng4 Ra5 36. a3 Kg7 37. Ne3 Rc5 38. b3 Ra5 39. Nxc4 Nxc4 40.
Rxc4 Rxa3 41. Rb4 Kf6 42. Kg2 Ra6 43. Rb7 Rb6 44. Rxa7 Rxb3 45. Ra5 g5 46. Rc5
Kg6 47. Ra5 h6 48. Rc5 Rb6 49. Ra5 Kh5 50. h3 Kh4 51. Ra7 f5 52. exf5 exf5 53.
Rf7 f4 54. Rg7 Rc6 55. Rg8 Rb6 56. Rg7 Rc6 57. Rg8 Rb6 58. Rg7
1/2-1/2

[Event "Landsturneringen 2015"]
[Site "Oppsal arena, Oslo"]
[Date "2015.07.06"]
[Round "4"]
[White "Eide, Adrian"]
[Black "Machlik, Monika"]
[Result "0-1"]
[WhiteElo "1356"]
[BlackElo "2042"]
[PlyCount "32"]
[EventDate "2015.??.??"]

1. e4 c6 2. d4 d5 3. e5 c5 4. dxc5 Nc6 5. Nf3 Bg4 6. Be2 e6 7. Bf4 Bxc5 8. O-O
Nge7 9. Nbd2 Ng6 10. Bg3 Qc7 11. Re1 O-O 12. Bd3 Nb4 13. Bxg6 fxg6 14. Kh1 Bf5
15. Re2 Bxc2 16. Qc1 Bd3
0-1

[Event "Landsturneringen 2015"]
[Site "Oppsal arena, Oslo"]
[Date "2015.07.06"]
[Round "4"]
[White "Løbersli, Henrik Øie"]
[Black "Dahl, Trygve"]
[Result "0-1"]
[WhiteElo "2007"]
[BlackElo "1968"]
[PlyCount "82"]
[EventDate "2015.??.??"]

1. Nf3 e6 2. g3 d5 3. Bg2 Bd6 4. O-O c5 5. d4 Nf6 6. c4 O-O 7. cxd5 exd5 8. Nc3
h6 9. Nb5 Be7 10. dxc5 Bxc5 11. b3 a6 12. Nbd4 Nc6 13. Bb2 Qe7 14. Rc1 Bd7 15.
Nxc6 bxc6 16. Bxf6 gxf6 17. Qc2 Ba7 18. Rfd1 Rac8 19. Qd3 Rfe8 20. e3 a5 21.
Rd2 Rc7 22. Rdc2 Rec8 23. Nd4 Qe5 24. Nf3 Qe7 25. Nd2 Qe5 26. e4 Re8 27. exd5
Bf5 28. Qc3 Bd4 29. Qc4 Bxf2+ 30. Kh1 Bxc2 31. Qxc2 Be3 32. Nc4 Qg5 33. Nxe3
Qxe3 34. d6 Rd7 35. Qxc6 Rxd6 36. Qc4 Rd2 37. Qg4+ Kh8 38. Rf1 Qg5 39. Qh3 Ree2
40. Bf3 Rf2 41. Qc8+ Kg7
0-1

[Event "Landsturneringen 2015"]
[Site "Oppsal arena, Oslo"]
[Date "2015.07.06"]
[Round "4"]
[White "Kjøita, Torgeir Jakhelln"]
[Black "Grønn, Eskil Ekeland"]
[Result "0-1"]
[WhiteElo "2000"]
[BlackElo "1924"]
[PlyCount "54"]
[EventDate "2015.??.??"]

1. e4 c5 2. Nf3 Nc6 3. d4 cxd4 4. Nxd4 d6 5. c4 g6 6. Nc3 Bg7 7. Be3 Nf6 8. Be2
O-O 9. O-O Bd7 10. Rb1 a6 11. f3 Rc8 12. Qd2 Nxd4 13. Bxd4 Ne8 14. b4 Nc7 15.
Rfc1 Bxd4+ 16. Qxd4 b5 17. Nd5 e5 18. Qa7 bxc4 19. Nb6 Nb5 20. Qxa6 Nd4 21.
Nxd7 Nxe2+ 22. Kf1 Nxc1 23. Nxf8 Nd3 24. b5 Qh4 25. Kg1 Qf2+ 26. Kh1 Ne1 27.
Qxc8 Qxg2#
0-1

[Event "Landsturneringen 2015"]
[Site "Oppsal arena, Oslo"]
[Date "2015.07.06"]
[Round "4"]
[White "Machlik, Jon"]
[Black "Kyrkjebø, Hanna B"]
[Result "0-1"]
[WhiteElo "1929"]
[BlackElo "1711"]
[PlyCount "64"]
[EventDate "2015.??.??"]

1. e4 e5 2. Nf3 Nc6 3. Bc4 Bc5 4. b4 Bxb4 5. c3 Ba5 6. d4 exd4 7. Qb3 Qf6 8.
O-O Nge7 9. e5 Qg6 10. cxd4 Bb6 11. Ng5 O-O 12. Bd3 Qh5 13. Nxh7 Nxd4 14. Qa3
Re8 15. Nc3 Ng6 16. Ng5 Nxe5 17. Be4 d6 18. Bf4 Bf5 19. Bxb7 Rab8 20. Qa6 Bd3
21. Qa4 Bxf1 22. Rxf1 Nd3 23. Be3 Ne2+ 24. Nxe2 Bxe3 25. fxe3 Qxg5 26. Bf3
Qxe3+ 27. Kh1 Rb2 28. Qc4 Rxe2 29. Bxe2 Nf2+ 30. Kg1 Nh3+ 31. Kh1 Qg1+ 32. Rxg1
Nf2#
0-1

[Event "Landsturneringen 2015"]
[Site "Oppsal arena, Oslo"]
[Date "2015.07.06"]
[Round "4"]
[White "Rødsmoen, Maud"]
[Black "Kyrkjebø, Marte B"]
[Result "0-1"]
[WhiteElo "1826"]
[BlackElo "1699"]
[PlyCount "74"]
[EventDate "2015.??.??"]

1. e4 e5 2. Nf3 Nc6 3. Bb5 a6 4. Ba4 Nf6 5. O-O b5 6. Bb3 Bc5 7. Nxe5 Nxe5 8.
d4 Bxd4 9. Qxd4 d6 10. c3 c5 11. Qe3 O-O 12. f3 Re8 13. Rd1 Qc7 14. Qf2 Bb7 15.
Be3 c4 16. Bc2 d5 17. Bb6 Qe7 18. Bc5 Qc7 19. Bb6 Qe7 20. exd5 Nxd5 21. Bc5 Qc7
22. Na3 Rac8 23. Bd4 Ng6 24. Rd2 Qc6 25. Be4 Qc7 26. Rad1 Ndf4 27. Bb6 Qb8 28.
Bxb7 Qxb7 29. Rd7 Qb8 30. Ba7 Qe5 31. Nc2 Nd3 32. Qe3 Qf5 33. Qd4 Qe6 34. b3
Qe2 35. Ne3 Qxd1+ 36. Nf1 Qxf1+ 37. Kxf1 Re1#
0-1

[Event "Landsturneringen 2015"]
[Site "Oppsal arena, Oslo"]
[Date "2015.07.06"]
[Round "4"]
[White "Skagen, Bjørn"]
[Black "Unhjem, Bjørn Robert Løvoll"]
[Result "0-1"]
[WhiteElo "1846"]
[BlackElo "1361"]
[PlyCount "72"]
[EventDate "2015.??.??"]

1. d4 Nf6 2. c4 e6 3. g3 d5 4. Nf3 b6 5. cxd5 exd5 6. Bg2 Be7 7. O-O Bb7 8. Nc3
O-O 9. Bf4 a6 10. Rc1 Nbd7 11. Qc2 c5 12. dxc5 Nxc5 13. Rfd1 Qc8 14. Na4 Ncd7
15. Qxc8 Raxc8 16. Bc7 Nc5 17. Nxc5 bxc5 18. Ba5 Bd6 19. e3 Ne4 20. Nd2 Be5 21.
Nxe4 dxe4 22. Bc3 Bxc3 23. Rxc3 Rfd8 24. Rcc1 Rxd1+ 25. Rxd1 f5 26. Rd7 Bc6 27.
Ra7 Bb5 28. Bf1 Bd3 29. Rd7 c4 30. Bg2 Rb8 31. f3 Rxb2 32. fxe4 fxe4 33. Re7 c3
34. Bxe4 c2 35. Bd5+ Kf8 36. Rf7+ Ke8
0-1

[Event "Landsturneringen 2015"]
[Site "Oppsal arena, Oslo"]
[Date "2015.07.07"]
[Round "5"]
[White "Dahl, Trygve"]
[Black "Kaasen, Tor Fredrik"]
[Result "0-1"]
[WhiteElo "1968"]
[BlackElo "2010"]
[PlyCount "86"]
[EventDate "2015.??.??"]

1. e4 c5 2. Nf3 e6 3. d4 cxd4 4. Nxd4 Nf6 5. Bd3 Nc6 6. Nxc6 bxc6 7. O-O d5 8.
e5 Nd7 9. f4 Qb6+ 10. Kh1 c5 11. c4 d4 12. Nd2 Be7 13. Ne4 O-O 14. Qh5 g6 15.
Qh6 f6 16. h4 Rf7 17. exf6 Nxf6 18. Nxf6+ Bxf6 19. h5 Bg7 20. Qg5 gxh5 21. Qxh5
h6 22. Bh7+ Kf8 23. f5 exf5 24. Bxf5 Bb7 25. Bd2 Rf6 26. Bd3 Kg8 27. Rxf6 Qxf6
28. Rf1 Qc6 29. Rf2 Rf8 30. Rxf8+ Bxf8 31. Qg4+ Bg7 32. Bf1 Qe8 33. Bxh6 Qe5
34. Bf4 Qe7 35. Qh5 Be4 36. Bg5 Qe5 37. Qe2 Bd3 38. Qxd3 Qxg5 39. Qe4 Qh6+ 40.
Kg1 Qe3+ 41. Qxe3 dxe3 42. Bd3 Bxb2 43. Kf1 Bd4
0-1

[Event "Landsturneringen 2015"]
[Site "Oppsal arena, Oslo"]
[Date "2015.07.07"]
[Round "5"]
[White "Kyrkjebø, Hanna B"]
[Black "Grønn, Eskil Ekeland"]
[Result "0-1"]
[WhiteElo "1711"]
[BlackElo "1924"]
[PlyCount "172"]
[EventDate "2015.??.??"]

1. e4 c5 2. Nc3 Nc6 3. Bb5 Na5 4. f4 a6 5. Be2 b5 6. d3 Bb7 7. Nf3 e6 8. O-O
Nf6 9. h3 Be7 10. Be3 d5 11. e5 Nh5 12. d4 Ng3 13. Re1 b4 14. Na4 c4 15. b3
Nxe2+ 16. Qxe2 Bc6 17. Nb2 Bb5 18. Qd1 O-O 19. Kh2 Rc8 20. Rc1 Rc6 21. Rg1 Qc7
22. Qe1 Rc8 23. Qg3 cxb3 24. cxb3 Rxc1 25. Rxc1 Qd7 26. Qe1 Nc6 27. Qd2 Nb8 28.
Rxc8+ Qxc8 29. Nd3 Bxd3 30. Qxd3 Qc3 31. Qd2 Qxd2 32. Bxd2 Kf8 33. Kg3 Ke8 34.
Kg4 a5 35. f5 Nc6 36. fxe6 fxe6 37. Be3 Kd7 38. Ng1 Bd8 39. Ne2 Bb6 40. Kf3 Kc8
41. g4 Kd7 42. Bg1 Ke7 43. Kf4 Kf7 44. h4 Ke7 45. h5 Na7 46. Ke3 Nb5 47. Kd3
Kf7 48. Be3 Na7 49. Ng3 Nc6 50. Ne2 Bd8 51. g5 Ne7 52. Ng3 g6 53. Bd2 Nf5 54.
Nxf5 exf5 55. h6 f4 56. Bxf4 Ke6 57. Ke3 Kf5 58. Kf3 Bxg5 59. e6 Be7 60. Bc7
Kxe6 61. Bxa5 Kf5 62. Bc7 g5 63. Be5 g4+ 64. Kg3 Bg5 65. Bd6 Bd2 66. Bf8 Be1+
67. Kg2 Ke4 68. Bc5 g3 69. Bb6 Kd3 70. Bc5 Kc3 71. a4 bxa3 72. Bxa3 Kxb3 73.
Bc5 Kc4 74. Bb6 Bf2 75. Bc7 Kxd4 76. Bb6+ Kc3 77. Ba5+ Kc4 78. Bd2 d4 79. Kf3
Kd3 80. Bg5 Kc2 81. Ke2 d3+ 82. Kf1 d2 83. Bxd2 Kxd2 84. Kg2 Ke3 85. Kf1 Kf4
86. Kg2 Kg5
0-1

[Event "Landsturneringen 2015"]
[Site "Oppsal arena, Oslo"]
[Date "2015.07.07"]
[Round "5"]
[White "Mihajlov, Sebastian"]
[Black "Haldorsen, Benjamin"]
[Result "1/2-1/2"]
[WhiteElo "2246"]
[BlackElo "2194"]
[PlyCount "67"]
[EventDate "2015.??.??"]
[TimeControl "6000+610"]
[WhiteClock "1:01:10"]
[BlackClock "0:30:21"]

1. d4 d5 2. Nf3 Nf6 3. g3 e6 4. Bg2 Be7 5. O-O O-O 6. Nbd2 b6 7. Ne5 c5 8. c3
Bb7 9. Ndf3 Nbd7 10. Bf4 cxd4 11. cxd4 Nxe5 12. Nxe5 Nd7 13. Rc1 Nxe5 14. Bxe5
Bd6 15. Qd2 Bxe5 16. dxe5 Rc8 17. Rxc8 Qxc8 18. Rc1 Qb8 19. f4 Rc8 20. e3 Rxc1+
21. Qxc1 Qc8 22. Qxc8+ Bxc8 23. Kf2 Kf8 24. Ke2 Ba6+ 25. Kd2 Ke7 26. Kc3 g6 27.
Bf3 Bc4 28. a3 a5 29. Kd4 h6 30. h4 Ba6 31. g4 Bf1 32. f5 g5 33. hxg5 hxg5 34.
f6+
1/2-1/2

[Event "Landsturneringen 2015"]
[Site "Oppsal arena, Oslo"]
[Date "2015.07.07"]
[Round "5"]
[White "Haug, Johannes"]
[Black "Ranaldi, Lucas"]
[Result "1-0"]
[WhiteElo "2179"]
[BlackElo "2028"]
[PlyCount "87"]
[EventDate "2015.??.??"]

1. e4 c5 2. Nf3 e6 3. c3 Nf6 4. e5 Nd5 5. d4 cxd4 6. cxd4 d6 7. Bc4 Be7 8. O-O
O-O 9. Qe2 b6 10. a3 Bb7 11. Bd2 dxe5 12. dxe5 Nd7 13. Nc3 Nxc3 14. Bxc3 Qc7
15. Rfe1 Rac8 16. Bd3 Rfd8 17. Rac1 Qb8 18. Nd4 Nf8 19. Bb1 Qa8 20. Qg4 Bd5 21.
h4 Rc7 22. Re3 Rdc8 23. Rg3 g6 24. h5 Kg7 25. Qf4 a6 26. Re1 g5 27. Rxg5+ Bxg5
28. Qxg5+ Ng6 29. Qf6+ Kf8 30. hxg6 hxg6 31. Bb4+ Kg8 32. Qg5 Kg7 33. f3 Rh8
34. Qf6+ Kg8 35. Bd3 b5 36. Bd2 Qe8 37. Be3 Rh5 38. Bxg6 Rh8 39. Bd3 Qf8 40.
Qg5+ Qg7 41. Qd8+ Qf8 42. Qxc7 Rh5 43. Qc1 Bxf3 44. Nxf3
1-0